Les intellectuels dans la société française, de l'ancien régime áa la démocratie (Record no. 94645)

MARC details
000 -LEADER
campo de control de longitud fija 00679nam a2200193 i 4500
001 - NÚMERO DE CONTROL
campo de control 94645
003 - IDENTIFICADOR DE NÚMERO DE CONTROL
campo de control ES-MaACL
005 - FECHA Y HORA DE LA ÚLTIMA TRANSACCIÓN
campo de control 20230906181527.0
007 - CAMPO FIJO DE DESCRIPCIÓN FÍSICA--INFORMACIÓN GENERAL
campo de control de longitud fija t|
008 - DATOS DE LONGITUD FIJA--INFORMACIÓN GENERAL
campo de control de longitud fija 050511s1918 fr ||||1| fre d
100 1# - ENTRADA PRINCIPAL--NOMBRE DE PERSONA
Nombre de persona Lote, René.
9 (RLIN) 74293
245 14 - MENCIÓN DEL TÍTULO
Título Les intellectuels dans la société française, de l'ancien régime áa la démocratie
Resto del título : suivi d'une étude sur Félix Le Dantec ("Meditation sur la mort d'un sage") /
Mención de responsabilidad, etc. René Lote.
246 30 - FORMA VARIANTE DEL TITULO
Título propio/Titulo breve Meditation sur la mort d'un sage
260 ## - PUBLICACIÓN, DISTRIBUCIÓN, ETC.
Lugar de publicación, distribución, etc. Paris :
Nombre del editor, distribuidor, etc. Tours,
Fecha de publicación, distribución, etc. 1918.
300 ## - DESCRIPCIÓN FÍSICA
Extensión IV, 215 p. ;
Dimensiones 19 cm.
600 14 - PUNTO DE ACCESO ADICIONAL DE MATERIA--NOMBRE DE PERSONA
Nombre de persona Le Dantec, Félix.
9 (RLIN) 70865
650 ## - PUNTO DE ACCESO ADICIONAL DE MATERIA--TÉRMINO DE MATERIA
Término de materia o nombre geográfico como elemento de entrada Intelectuales-
Subdivisión geográfica Francia.
9 (RLIN) 13856
852 ## - LOCALIZACIÓN
Ubicación ES-MaACL
Número de control de estantería F-11218
Holdings
Estatus retirado Estado de pérdida Estado de daño No para préstamo Biblioteca de origen Biblioteca actual Ubicación en estantería Fecha de adquisición Fuente de adquisición Total de préstamos Signatura topográfica completa Código de barras Visto por última vez Precio de reemplazo Tipo de ítem Koha
        Biblioteca del Ateneo de Madrid Biblioteca del Ateneo de Madrid Sala Pecera Planta 2 17/01/2008     F-11218 1098844 23/02/2023 23/02/2023 Libro impreso